Concept of the utilisation of the Cohesion Fund in associated country - Slovak Republic

Možnosti využitia Kohézneho fondu pre rozvoj infraštruktúry a jej vplyv na služby cestovného ruchu v Slovenskej republike. Charakteristika Kohézneho fondu. Podpora z fondu pomáha redukovať nerovnosti medzi prosperujúcimi a menej prosperujúcimi regiónmi. Reštrikcie vo využívaní kohézneho fondu.

Guardado en:
Detalles Bibliográficos
Autor principal: Voleková, Natália
Formato: Capítulo de libro
Lenguaje:inglés
Materias:
Etiquetas: Agregar Etiqueta
Sin Etiquetas, Sea el primero en etiquetar este registro!

MARC

LEADER 00000naa$a2200000$$$4500
001 0012669
005 20221128113335.5
041 0 |a eng 
044 |a SK 
245 1 0 |a Concept of the utilisation of the Cohesion Fund in associated country - Slovak Republic  |c aut. Natália Voleková 
520 |a Možnosti využitia Kohézneho fondu pre rozvoj infraštruktúry a jej vplyv na služby cestovného ruchu v Slovenskej republike. Charakteristika Kohézneho fondu. Podpora z fondu pomáha redukovať nerovnosti medzi prosperujúcimi a menej prosperujúcimi regiónmi. Reštrikcie vo využívaní kohézneho fondu. 
610 2 0 |a fond kohézny 
610 2 0 |a fondy štruktúrne 
610 2 0 |a regióny 
610 2 0 |a politika regionálna 
610 2 0 |a ruch cestovný 
610 2 0 |a Slovensko 
100 1 |a Voleková, Natália